| 000 | 00631 a2200193 4500 | ||
|---|---|---|---|
| 999 |
_c316635 _d316635 |
||
| 003 | NUST | ||
| 005 | 20180118110417.0 | ||
| 008 | 180117b xxu||||| |||| 00| 0 eng d | ||
| 020 | _a007049553X | ||
| 020 | _a9780070495531 | ||
| 040 | _cNUST | ||
| 082 | _a539 ART | ||
| 100 | 1 |
_aBeiser, Arthur. _98560 |
|
| 245 | 1 | 0 |
_aConcepts of modern physics : _b6th edition. 2002 edition / _cArthur Beiser. |
| 260 |
_a[S.l.] : _bMcGraw-Hill, _c1963. |
||
| 300 |
_a542 p. ; _c26 cm. |
||
| 942 |
_aSNS _cBK _k539 ART _2ddc |
||